Motor control (Registro nro. 164484)

Detalles MARC
000 -ENCABEZADO
Número de control [NR] 00899nam a22002777a 4500
008 - DE LONGITUD FIJA DE DATOS DE ELEMENTOS - INFORMACIÓN GENERAL
Elementos de longitud fija [NR] 130129s2007 gau frn 001 0 spa u
020 ## - NUMERO INTERNACIONAL NORMALIZADO PARA LIBROS [R]
Número Internacional Normalizado del libro [NR] 9787508400
022 ## - NUMERO INTERNACIONAL NORMALIZADO PARA PUBLICACIONES SERIADAS
Número Internacional Normalizado para Publicaciones Seriadas [NR] 1087-1640
040 ## - FUENTE DE CATALOGACION [NR]
Quien Cataloga
Quien Clasifica Aldemar Mondragón
041 00 - CODIGO DE IDIOMA [R]
Código de idioma para texto/pista de sonido o título separado [R] Español
060 ## - SIGNATURA TOPOGRAFICA DE LA BIBLIOTECA NACIONAL DE MEDICINA (NLM) [R]
Número clasificador [R] WE 103
110 1# - ASIENTO PRINCIPAL--NOMBRE CORPORATIVO [NR]
Nombre corporativo o de jurisdicción como elemento de entrada [NR] Human Kinetics
ID de autoridad 29171
245 10 - MENCION DE TITULO [NR]
Título [NR] Motor control
Mención de responsabilidad, etc. [NR] 164484
260 ## - PUBLICACION, DISTRIBUCION, ETC. (PIE DE IMPRENTA) [R]
Lugar de publicación, distribución, etc. [R] Atlanta
Nombre del editor, distribuidor, etc. [R] Human Kenetics
Fecha de publicación, distribución, etc. [R] 2007
300 ## - DESCRIPCION FISICA [R]
Extensión [R] 254 páginas
500 ## - NOTA GENERAL [R]
Nota general [NR] Incluye índice de autores
500 ## - NOTA GENERAL [R]
Nota general [NR] The Official Journal of the International Society of Motor Control
505 ## - NOTA DE CONTENIDO CON FORMATO PREESTABLECIDO [R]
State manifest and birth record (1764-1977). Conference organizers
505 ## - NOTA DE CONTENIDO CON FORMATO PREESTABLECIDO [R]
State manifest and birth record (1764-1977). Progress in Motor Control VI
505 ## - NOTA DE CONTENIDO CON FORMATO PREESTABLECIDO [R]
State manifest and birth record (1764-1977). Sponsoring organization International Society of Motor Control
650 ## - ASIENTO SECUNDARIO DE MATERIA - TERMINO TEMATICO [R]
Término temático o nombre geográfico como elemento de entrada [NR] Ortopedia
9 (RLIN) 26544
650 #7 - ASIENTO SECUNDARIO DE MATERIA - TERMINO TEMATICO [R]
Término temático o nombre geográfico como elemento de entrada [NR] Movimiento
9 (RLIN) 19811
650 #7 - ASIENTO SECUNDARIO DE MATERIA - TERMINO TEMATICO [R]
Término temático o nombre geográfico como elemento de entrada [NR] Postura
9 (RLIN) 22128
650 #7 - ASIENTO SECUNDARIO DE MATERIA - TERMINO TEMATICO [R]
Término temático o nombre geográfico como elemento de entrada [NR] Psicomotricidad
9 (RLIN) 22863
942 ## - ELEMENTOS DE ENTRADA AGREGADOS (KOHA)
Tipo de ítem principal el descrito en 300a Libro
Tema principal
Edición 1
Parte restante de la signatura top. M919
Sistema de clasificación NLM
Clasificación WE 103
Título oculto en OPAC No
Existencias
Fecha de último préstamo Total préstamos Total Renewals Signatura topográfica Código de barras Última vez visto Ejemplar Price effective from Tipo de ítem Perdido Sistema de clasificación Dañado No prestable Tipo de ítem específico Suprimido Ubicación habitual Ubicación actual Localización Fecha de creación Forma de adquisición Costo
08/10/2019 10 5 WE 103 M919 200024457 11/12/2025 Ej.1 08/02/2013 Libro   NLM     Libro   Quinta de Mutis Quinta de Mutis 2do piso 29/01/2013 Compra 74200.00